Score 0/21 Timer 03:00
1 Play Today
Clue Four Letter Word % Correct
Not yoursMINE
97.6%
A lion's hairstyleMANE
97.1%
●Lyric: In Cyberland, we only drink Diet ____COKE
96.2%
●Song: ____ Me or Leave MeTAKE
94.9%
Not wildTAME
94.7%
DurationTIME
93.9%
Baked dessertCAKE
93.8%
Silent actorMIME
93.1%
Female horseMARE
92.4%
The smallest of the litterRUNT
89.8%
LittleTINY
87.9%
Clue Four Letter Word % Correct
●The theme of this ladderRENT
86.4%
SmallMINI
85.1%
●Best Musical ____ AwardTONY
83.3%
●Character: A dancer and drug addictMIMI
83.1%
Puff or dragTOKE
79.9%
ProngTINE
78.1%
Color or moodTONE
76.9%
An ancient letter or characterRUNE
73.6%
●Songs: ____ Up #1, #2, and #3TUNE
73%
●Character: The narratorMARK
61.8%

Today's Daily Dose

Remove Ads.
Support Sporcle.
Get the best of Sporcle when you Go Orange. This ad-free experience offers more features, more stats, and more fun while also helping to support Sporcle. Thank you for becoming a member.

You're not logged in!

Compare scores with friends on all Sporcle quizzes.
OR
Log In

Show Comments

Extras

Top Quizzes Today


Score Distribution

Your Account Isn't Verified!

In order to create a playlist on Sporcle, you need to verify the email address you used during registration. Go to your Sporcle Settings to finish the process.

Report this User

Report this user for behavior that violates our Community Guidelines.

Details: